000 00674nam a22002297a 4500
003 NALT
005 20251124140400.0
008 s2015 eng d
040 _aNALT
041 _aeng
050 _a
090 _aKD 61
_bC42C 2015
100 0 _aChalermpon Ake-Uru
_936059
245 1 0 _aCollected papers on constitutional review /
_cChalermpon Ake-Uru.
260 _aBangkok :
_bP. Press,
_c2015.
300 _a174 p. :
_bill. ;
_c21 cm.
650 0 _aConstitutional law
_zThailand
_914552
650 0 _aConstitutional courts
_913089
_zThailand
850 _aNALT
856 4 0 _uhttps://dl.parliament.go.th/handle/lirt/582959
942 _cLB
_2local
999 _c74388
_d74388
998 _j104
_k นางสาวสายฝน ดีงาม